Estadísticas para Países del Mundo en un Mapa sin Fronteras

Haz click aquí para intentar la prueba.

Estadísticas generales

  • Esta prueba ha sido intentada 2.397 veces
  • La puntuación promedio es 164 de 196

Respuestas en el mapa

Las respuestas están codificadas por una escala verde-roja en el mapa de la prueba según el % correcto abajo.
 

Estadísticas de respuestas

País% Correcto
Canadá
97%
España
97%
Estados Unidos
97%
Argentina
96%
Brasil
96%
Chile
96%
Francia
96%
México
96%
Alemania
95%
Colombia
95%
Italia
95%
Perú
95%
Portugal
95%
Reino Unido
95%
Rusia
95%
Uruguay
95%
Australia
94%
Bolivia
94%
China
94%
Cuba
94%
Ecuador
94%
Irlanda
94%
Paraguay
94%
Venezuela
94%
Dinamarca
93%
Finlandia
93%
India
93%
Islandia
93%
Japón
93%
Noruega
93%
Suecia
93%
Bélgica
92%
Corea del Sur
92%
Egipto
92%
Grecia
92%
Marruecos
92%
Países Bajos
92%
Panamá
92%
Polonia
92%
Suiza
92%
Ucrania
92%
Bielorrusia
91%
Corea del Norte
91%
Madagascar
91%
Mongolia
91%
Sudáfrica
91%
Turquía
91%
Arabia Saudita
90%
Austria
90%
Estonia
90%
Guyana
90%
Haití
90%
Honduras
90%
Irán
90%
Letonia
90%
Lituania
90%
República Dominicana
90%
Costa Rica
89%
Croacia
89%
El Salvador
89%
Guatemala
89%
Irak
89%
Nueva Zelanda
89%
República Democrática del Congo
89%
Albania
88%
Argelia
88%
Indonesia
88%
Nicaragua
88%
República Checa
88%
República del Congo
88%
Rumania
88%
Surinam
88%
Andorra
87%
Hungría
87%
Israel
87%
Kazajistán
87%
Serbia
87%
Afganistán
86%
Belice
86%
Bulgaria
86%
Catar
86%
Eslovaquia
86%
Eslovenia
86%
Filipinas
86%
Jamaica
86%
Níger
86%
Pakistán
86%
Sudán
86%
Tailandia
86%
Vietnam
86%
Yemen
86%
Bosnia y Herzegovina
85%
Emiratos Árabes Unidos
85%
Kosovo
85%
Libia
85%
Luxemburgo
85%
Macedonia del Norte
85%
Montenegro
85%
Nepal
85%
Omán
85%
Chipre
84%
Ciudad del Vaticano
84%
Guinea
84%
Moldavia
84%
Nigeria
84%
Somalia
84%
Túnez
84%
Armenia
83%
Bahamas
83%
Etiopía
83%
Kenia
83%
Malta
83%
Siria
83%
Azerbaiyán
82%
Chad
82%
Georgia
82%
Laos
82%
Papua Nueva Guinea
82%
San Marino
82%
Sudán del Sur
82%
Uzbekistán
82%
Angola
81%
Malasia
81%
Malí
81%
Mónaco
81%
Sri Lanka
81%
Bangladés
80%
Jordania
80%
Senegal
80%
Taiwán
80%
Bután
79%
Camboya
79%
Camerún
79%
Ghana
79%
Guinea Ecuatorial
79%
Líbano
79%
Mauritania
79%
Mozambique
79%
Myanmar
79%
Turkmenistán
79%
Cabo Verde
78%
Liechtenstein
78%
Tanzania
78%
Zambia
78%
Costa de Marfil
77%
Eritrea
77%
Kirguistán
77%
Lesoto
77%
República Centroafricana
77%
Trinidad y Tobago
77%
Zimbabue
77%
Antigua y Barbuda
76%
Dominica
76%
Guinea-Bissau
76%
Kuwait
76%
Namibia
76%
Santa Lucía
76%
Tayikistán
76%
Togo
76%
Uganda
76%
Barbados
75%
Botsuana
75%
Estados Federados de Micronesia
75%
Fiyi
74%
Gabón
74%
Liberia
74%
Maldivas
74%
Mauricio
74%
Ruanda
74%
Singapur
74%
Suazilandia
74%
Baréin
73%
Benín
73%
Burkina Faso
73%
Gambia
73%
Granada
73%
Seychelles
73%
Islas Marshall
72%
Malaui
72%
Santo Tomé y Príncipe
72%
Sierra Leona
72%
Brunéi
71%
Burundi
71%
Islas Salomón
71%
San Vicente y las Granadinas
71%
Yibuti
71%
Kiribati
70%
Palaos
70%
San Cristóbal y Nieves
70%
Comoras
69%
Samoa
69%
Tonga
69%
Tuvalu
69%
Nauru
68%
Timor Oriental
68%
Vanuatu
68%

Distribución de puntuación

Porcentaje por número respondido

Porcentaje de gente con cada puntuación

Historial de tus puntuaciones

No has intentado esta prueba.